The hidden wealth of nations (Record no. 52513)

MARC details
000 -LEADER
fixed length control field 00681nam a2200229Ia 4500
008 - FIXED-LENGTH DATA ELEMENTS--GENERAL INFORMATION
fixed length control field 191130s2010##################000#0#eng##
020 ## - INTERNATIONAL STANDARD BOOK NUMBER
ISBN 9780745648019
082 ## - DEWEY DECIMAL CLASSIFICATION NUMBER
Classification number 330.16 HAL
100 ## - MAIN ENTRY--AUTHOR NAME
Personal name Halpern, David
245 ## - TITLE STATEMENT
Title The hidden wealth of nations
Statement of responsibility, etc David Halpern
260 ## - PUBLICATION, DISTRIBUTION, ETC. (IMPRINT)
Place of publication Cambridge
Name of publisher Polity Press
Year of publication 2010
300 ## - PHYSICAL DESCRIPTION
Number of Pages x, 307 p. : ill. ; 24 cm
500 ## - GENERAL NOTE
General note Includes bibliographical references (p. [278]-295) and index
650 ## - SUBJECT ADDED ENTRY--TOPICAL TERM
Topical Term Economics - Sociological aspects
Topical Term Quality of Life
Topical Term Social perception
991 ## -
-- 43368
Holdings
Withdrawn status Lost status Damaged status Not for loan Home library Current library Shelving location Date acquired Full call number Accession Number Price effective from Koha item type
        Anna Centenary Library Anna Centenary Library 4TH FLOOR, A WING 09.10.2020 330.16 HAL 130087 09.10.2020 English Books

Find us on the map